Statistics for Merged Country Flags #1

Click here to take the quiz!

General Stats

  • This quiz has been taken 934 times
  • The average score is 8 of 8

Answer Stats

PositionCountry% Correct
TopCanada
100%
LeftUnited Kingdom
99%
RightGermany
99%
RightSouth Korea
97%
TopArgentina
96%
LeftIceland
94%
BottomGeorgia
89%
BottomJamaica
87%

Score Distribution

Percentile by Number Answered

Percent of People with Each Score

Your Score History

You have not taken this quiz